000 01460nam0a2200373 4500
001 RU\NLR\bibl\120328
005 20260405081048.0
010 _a5-7990-0074-9
_97500
021 _aRU
_b2000-31881
_91492
035 _a(NLR Aleph) 000117839
090 _a670260
_c670260
100 _a20001012d2000 |||y0rusy50 ca
101 0 _arus
102 _aRU
105 _ay |||||||||
200 1 _aСчет 71. Учет и списание подотчетных сумм
_eПракт. пособие
_fКузнецова Г. А.
210 _aМ.
_cПриор
_d2000
215 _a96 с.
_d21
606 0 _aПодотчетные суммы
_jРуководства, пособия и т.п.
_xУчет
_92091724
_3RU\NLR\auth\661265980
606 0 _aПодотчетные суммы
_jРуководства, пособия и т.п.
_xСписание
_92091726
_3RU\NLR\auth\661265981
610 0 _aПодотчетные суммы - Учет
610 0 _aБухгалтерский учет
675 _a657.3
_v3
_zrus
686 _a06.75
_2rugasnti
686 _a65.052
_2rubbk
686 _aУ052.9(2)2-148.21я7
700 1 _4070
_8rus
_7ca
_aКузнецова
_bГ. А.
_cэкономист
_gГалина Александровна
_3RU\NLR\auth\7728090
_911121
801 0 _aRU
_bRKP
_c20001012
_gPSBO
801 1 _aRU
_bRKP
_c20001012
801 2 _aRU
_bNLR
_c20120521
_grcr
852 _aNLR
_j2000-4/7353
942 _cBOOK
980 _aNB